000 00335nam a2200133 4500
999 _c11604
_d11604
003 OSt
005 20230601175251.0
008 230601b ||||| |||| 00| 0 eng d
100 _aWolf von eckardt
245 _aEric Mendelsohn master of world architecture
260 _aNew York
_bGeorge braziller
300 _a128p.;
942 _2ddc